Malte pour les touristes... - Statistiques

Statistiques générales
  • Ce quiz a été pris 71 fois
  • Le résultat moyen est 9 sur 20
Statistiques - réponses
Question Indice Réponses % Correct
Anglais
97%
Quelles sont les principales villes touristiques ? L La Valette
94%
Quelles sont les langues officielles ? Maltais
94%
La conduite se fait à droite ou à gauche ? Gauche
89%
Quelle est la monnaie ? Euro
88%
Quelle autre langue est répandue ? I Italien
86%
Dans la capitale y-a-t-il un décalage horaire avec Paris ? (oui/non) Non
86%
La vitesse hors agglomération est limitée en général à {80} km/h
66%
Le suffixe internet est mt
58%
Le taux d'alcoolémie toléré au volant est de {0.8} g/l
46%
La religion majoritaire est C catholicisme
42%
R Rabat
23%
M Mdina
22%
S Sliema
18%
2/ Ouvrage au fuseau ou au crochet D Dentelle
12%
3/ Objets en verre... S Soufflé
12%
M Mosta
8%
Achats à faire 1/ Bijoux légers en F Filigrane
2%
G Ghadira
0%
Quels parcs naturels peut-on visiter ? S Salina
0%
Aucun quiz correspondant
Distribution des résultats
% des personnes avec chaque résultat
Percentile par nombre de réponses
Votre historique - résultats
Vous n’avez pas pris ce quiz